00378nam a2200133Ia 4500008004100000100001600041245004400057245001600101260005900117260000900176650001800185650001500203856002600218170221s9999 xx 000 0 und d aVineet Kaul 4aThe Digital Communications Revolution  cVineet Kaul bOnline Journal of Communication and Media Technologies c2015 xCommunication xMedia Arts uhttp://www.ojcmt.net/